Autonomía de las fuerzas armadas y democracia: el caso chileno

Na minha lista:
Detalhes bibliográficos
Autor principal: Agüero, Felipe
Formato: Texto
Publicado em: Santiago: FLACSO
Tags: Adicionar Tag
Sem tags, seja o primeiro a adicionar uma tag!

MARC

LEADER 00000 a a2200000 04500
001 25114
003
040
090 |a 179900  
100 |a Agüero, Felipe  
245 |a Autonomía de las fuerzas armadas y democracia: el caso chileno  
260 |a Santiago:   |b FLACSO  
300 |a 31 p.  
999 |c 2752  |d 2752